000 00669nam a2200241Ia 4500
003 OSt
005 20221005115139.0
006 a|||||r|||| 00| 0
007 ta
008 221004b |||||||| |||| 00| 0 eng d
024 _a67873
037 _cTextual
040 _aCRL
_cCRL
_beng
041 _2eng
_aeng
082 _aX:54.3.N5, K9
100 _aAnthony Vivian S.
_9627189
245 0 _aBritain's overseas trade
_b The recent history of British trade, 1868-1968
260 _c1969
490 _aStudies in the British economy, 3
650 _aECONOMICS
942 _hX:54.3.N5, K9
_cTEXL
_2cc
999 _c1033554
_d1033554